Экономика, организация и планирование высшего образования: учебное пособие для вузов

Detalles Bibliográficos
Autor principal: Чупрунов Д. И. Дмитрий Иванович
Otros Autores: Жильцов Е. Н. Евгений Николаевич
Lenguaje:ruso
Publicado: Москва, Высшая школа, 1988
Edición:2-е изд., перераб. и доп.
Materias:
Formato: MixedMaterials Libro
KOHA link:https://koha.lib.tpu.ru/cgi-bin/koha/opac-detail.pl?biblionumber=262634

MARC

LEADER 00000nam0a2200000 4500
001 262634
005 20231101233654.0
010 |a 5060013146 
035 |a (RuTPU)RU\TPU\book\285617 
090 |a 262634 
100 |a 20140603d1988 m y0rusy50 ca 
101 0 |a rus 
102 |a RU 
105 |a y j 001zy 
200 1 |a Экономика, организация и планирование высшего образования  |e учебное пособие для вузов  |f Д. И. Чупрунов, Е. Н. Жильцов 
205 |a 2-е изд., перераб. и доп. 
210 |a Москва  |c Высшая школа  |d 1988 
215 |a 175 с. 
320 |a Библиогр.: с. 171-173. 
606 1 |a Высшее образование  |x В СССР  |2 stltpush  |3 (RuTPU)RU\TPU\subj\3994  |9 32314 
610 1 |a вузы 
610 1 |a экономика 
610 1 |a организация 
610 1 |a планирование 
610 1 |a материально-техническая база 
610 1 |a затраты 
610 1 |a финансирование 
610 1 |a управление 
610 1 |a учебные пособия 
686 |a Ч484(2)я73  |v LBC/SL-A  |2 rubbk 
700 1 |a Чупрунов  |b Д. И.  |g Дмитрий Иванович 
701 1 |a Жильцов  |b Е. Н.  |g Евгений Николаевич 
801 1 |a RU  |b 63413507  |c 20140603 
801 2 |a RU  |b 63413507  |c 20150330  |g RCR 
942 |c BK